| 000 | 00000nam##2200000za#4500 |
| 001 | 9.607685 |
| 003 | CaOODSP |
| 005 | 20210624213241 |
| 007 | cr ||||||||||| |
| 008 | 150406|1999||||xxc|||||o f|0| 0 fre|d |
| 040 | |aCaOODSP|bfre |
| 043 | |an-cn--- |
| 086 | 1 |aNH18-22/99-101F-PDF |
| 110 | 2 |aSociété canadienne d'hypothèques et de logement. |
| 245 | 14|aUne étude des problèmes périodiques de moisissure dans la réserve Roseau River, Manitoba / |h[ressource électronique] |
| 260 | |aOttawa - Ontario : |bSociété canadienne d'hypothèques et de logement |c[1999]. |
| 300 | |a2p. |
| 490 | 1 |aLe point en recherche et développement; série technique|v99-101 |
| 500 | |aFichier reproduit à partir de l'original imprimé. |
| 590 | |a14-16-Supp|b2014-09-25 |
| 775 | 08|tA study of recurring mold problems on the Roseau River Reserve, Manitoba |w(CaOODSP)9.580742 |
| 830 | #0|aLe point en recherche et développement; série technique ;|v99-101|w(CaOODSP)9.500900 |
| 856 | 40|ahttp://publications.gc.ca|qPDF|s154 Ko|uhttps://publications.gc.ca/collections/collection_2014/schl-cmhc/NH18-22-99-101-fra.pdf|y99-101 |